000 00734cam a2200229Ia 4500
001 u16989
003 SIRSI
008 041012s2002 nyua 000 0 eng d
020 _a0851996361
040 _aEAL
050 _aSB191.R5
_bR52 2002
245 0 0 _aRice almanac:
_bsource book for the most important economic activity on earth /
_c edited by J.L. Maclean ... [et al.].
250 _a3rd ed.
260 _aNew York :
_b CABI Pub.,
_c 2002.
300 _avi, 253 p. :
_b ill., maps ;
_c 26 cm.
504 _aIncludes bibliographical references.
596 _a1
650 0 _aRice.
650 0 _aRice
_xGeographical distribution.
700 1 0 _aMaclean, J. L.
_q (Jay L.)
942 _cBK
_2lcc
999 _c24825
_d24825